000 00527nam a2200181Ia 4500
005 20250623121858.0
008 008 250516s9999 xx 000 0 eng d
020 _a9781032843407
040 _beng
_cSDCL
041 _aeng
_2eng
084 _aB280bX R4
100 _aPanneerselvam, R.
245 0 _aBusiness statistics using excel :
_bA complete course in data analytics
260 _aLondon :
_bRoutledge,
_c2024.
300 _axlvi, 647p.
650 _aBusiness Economics and Finance
_9814204
942 _cTEXL
_2CC
999 _c1429822
_d1429822